00806 2200265 4500001002100000005001500021035002000036007000300056008004100059020001800100082000800118084001400126100001900140245016400159250001000323260003700333300003200370650002900402700001700431700002400448700002400472700002200496990001100518990001100529INLIS00000000000440320191107095208 a0010-1119000030ta191107 g 0 ind  a9786025025389 a729 a729 DJO d0 aDJOKO, Wiratno1 a25 Desain Terbaik Rumah Mungil Satu Lantai ( Muka 6-10 Meter) /cDjoko Wiratno; penyuting, Tin Zulaeha, Aisyah W. Wardhani, Elly Dian Mayasari, Sulistyo Wibowo acet.1 aSurakarta :bVisi Mandiri,c2018 a217 hlm. :bilus. ;c22 cm. 4aARSITEKTUR. DESAIN RUMAH0 aTIN, Zulaeha0 aAISYAH, W. Wardhani0 aELLY, Dian Mayasari0 aSULISTYO, Wibowo a7114 a a7114 b